01018nam a2200253 a 450000100060000000300080000600500170001400800410003103500190007204000350009104100080012608200380013411000550017224501470022724600810037426000470045530000250050249000290052750000320055665100510058865100680063970000280070783000290073562889BD-RjUL20211209081134.0170125s1952 pk ||||||||s|o00| 0 eng d a(BD-RjUL)63017 aBD-RjULbengcBD-RjULdBD-RjUL aeng 223 a304.609549021bKUS 1952 (VL)1 aEast Bengal.boffice of the Census Superintendent.10aFirst Census of Pakistan, 1951 :bKushtia District : village lists /cEast Bengal. office of the Census Superintendent ; H. H. Nomani, [comp.] aCensus of Pakistan, 1951 :bEast Bengal : Village list of Kushtia District . aKarachi:bManager of Publications,c[1952] a[2], 56 p. ;c25 cm. aCensus 51 ;vNo. 30A (6) a" chiefly statistical data" aEast Bengal (Bangladesh)zKushtiavcensus,1951 aEast Bengal (Bangladesh)zKushtiaxPopulationvStatisticsy1951 aNomani, H. H. , [comp.] aCensus 51 ;vNo. 30A (6)